000 00320nam a2200121Ia 4500
008 210716s2004 xx 000 0 und d
041 _aeng
082 _a303.484 ICFA
245 _aCase studies on innovation in India.
250 _a1
260 _aHyderabad
_bICFAI centre for management research
_c2004
300 _a275
999 _c199547
_d199547